Statistics for Pinata Tracklist (Freddie Gibbs, Madlib)

Click here to take the quiz!

General Stats

  • This quiz has been taken 12 times
  • The average score is 10 of 17

Answer Stats

HintAnswer% Correct
17Pinata
(feat. Domo Genesis, G-Wiz, Casey Veggies, Sulaiman, Meechy Darko, Mac Miller)
88%
3Deeper
75%
8Thuggin'
75%
6Bomb
(feat. Raekwon)
63%
5Harold's
63%
4High
(feat. Danny Brown)
63%
9Real
63%
2Scarface
63%
15Shame
(feat. BJ The Chicago Kid)
63%
7Shitsville
63%
10Uno
63%
16Watts
(feat. Big Time Watts)
63%
14Knicks
50%
13Lakers
(feat. Ab-Soul, Polyester The Saint)
50%
11Robes
(feat. Domo Genesis, Earl Sweatshirt)
50%
12Broken
(feat. Scarface)
38%
1Supplier
38%

Score Distribution

Percentile by Number Answered

Percent of People with Each Score

Your Score History

You have not taken this quiz